| 000 | 00852nam a2200229 u 4500 | ||
|---|---|---|---|
| 005 | 20230609063536.0 | ||
| 008 | 190520s2001 cl r 000 0 spa d | ||
| 035 | _aUPN01000230540 | ||
| 049 | _aI | ||
| 050 | 4 |
_aBF721 _bR8.22 |
|
| 100 | 1 |
_aRusso de Sánchez, Ana Rita _942890 |
|
| 245 | 1 | 0 |
_aDe paseo por el pantano / _cAna Rita Russo de Sánchez ; il. Fernando Castillejo Tamayo. |
| 260 |
_aBarranquilla, Col. : _bUniversidad del Norte : _bSEP, _c2001. |
||
| 300 |
_a26 p. : _bil. col. |
||
| 440 | 0 | _aPrograma de desarrollo psicoafectivo | |
| 500 | _aEste título se complementa con un manual de instrucciones (lo encuentras en el no. de sistema: 230557) | ||
| 650 | 4 |
_aPsicología infantil _990 |
|
| 650 | 4 |
_aSEXUALIDAD INFANTIL _95338 |
|
| 650 | 4 |
_aEmociones en niños _vLiteratura infantil _921332 |
|
| 905 | _aInfantil | ||
| 999 |
_c202635 _d202635 |
||